000 00613nam a2200217Ia 4500
005 20230118110043.0
008 131103s9999 xx 000 0 und d
020 _a8170231450
040 _aLoreto College
041 _aEnglish
082 _a954
_bSAS
100 _aSastri,K.A.Nilakanto
245 _aAdvanced history of India
_cK.A.Nilakanta Sastri; G.Srinivassachari
260 _aNew Delhi
_bAllied Publishers Limited
_c1970
300 _a874 p.
504 _aIncludes bibliography, chronology and index
650 _aIndian History
700 _aSrinivasachari,G.
850 _aLCLIB
942 _cBK
999 _c8956
_d59435